[Event "Cancan Veterans-Women"]
[Site "Roquebrune"]
[Date "1998.09.12"]
[Round "6"]
[White "Arakhamia Grant, Ketevan"]
[Black "Kortschnoj, Viktor Lvovich"]
[Result "0-1"]
[WhiteElo "2420"]
[BlackElo "2625"]
[Annotator "Lukacs,P"]
[PlyCount "98"]
[EventDate "1998.09.07"]
[EventType "schev"]
[EventRounds "12"]
[EventCountry "FRA"]
[SourceTitle "CBM 067"]
[Source "ChessBase"]
[SourceDate "1998.11.30"]
[SourceVersion "2"]
[SourceVersionDate "1998.11.01"]
[SourceQuality "1"]

1. e4 c6 2. d4 d5 3. Nd2 dxe4 4. Nxe4 Nf6 {This line had always a bit dubious
reputation, but it is not so easy for White as well.} 5. Nxf6+ exf6 (5... gxf6
{leads to more sharp positions.}) 6. Bc4 (6. c3 $142 {/\ Bd3 Qc2 Ne2}) 6... Nd7
(6... Qd6 $142 7. c3 Be6) (6... Qe7+ $142 7. Qe2 Be6 {were better.}) 7. Bf4 {
White wants to gain control over the important /^ h2-g8 preventing Black from
Bd6.} (7. Ne2 Bd6 (7... Nb6 $6 8. Bb3 Bd6 {puts the black pieces to vulnerable
places after} 9. c4 $1 Bc7 (9... Bb4+ 10. Bd2 $16) 10. Bf4 {The exchange of
the dark-squared B is good for White.} O-O (10... Bxf4 11. Nxf4 O-O 12. O-O $16
{/\ c5} Be6 13. d5 $16) 11. Bxc7 Qxc7 12. c5 Nd7 13. O-O b6 14. cxb6 axb6 15.
Re1 Bb7 16. Ng3 Rfe8 $2 17. Bxf7+ $1 $18 {Spassky-Pfleger, Munich 1979}) 8. O-O
(8. Bf4 Nb6 9. Bb3 a5 $6 (9... O-O {-8.0-0 0-0 9.Bf4 Nb6 10.Bb3}) 10. a4 O-O
11. O-O Bg4 12. f3 $14 {White has a virtual P majority similar to the Ruy
Lopez Exchange Variation, but he hasn't given up the ^^.}) 8... O-O 9. Bf4 Nb6
10. Bb3 $1 (10. Bd3 Be6 11. c3 Nd5 12. Bxd6 Qxd6 13. Qd2 Rad8 14. Rfe1 g6 15.
Rad1 $14 {Karpov-Korchnoi, Baguio City 1978}) 10... Bg4 11. f3 Be6 (11... Bxf4
12. Nxf4 Bf5 13. c3 Qc7 14. Nd3 Rad8 15. Re1 g6 16. Nc5 Nd5 17. Qd2 $16 {
Liberzon-Korchnoi, Lone Pine op 1979}) 12. Bxe6 (12. Re1 Re8) 12... fxe6 {
White transformes the advantage of virtual P majority to a backward P on e6.}
13. c3 Re8 14. Qb3 Qc7 15. Bxd6 Qxd6 16. Ng3 Nd7 17. Rfe1 b6 18. Rad1 Nf8 19.
Ne4 Qc7 20. c4 $14 {Shirazi-Peters, Lone Pine 1981}) 7... Nb6 8. Bb3 Nd5 9. Bd2
(9. Bg3 {was also logical to keep the important /^.} Be7 10. Ne2 (10. Nf3 f5)
10... O-O 11. O-O Be6 (11... f5 12. Nf4 $14)) 9... Be7 10. Ne2 O-O 11. O-O f5 {
Black has some chances for a >> |^ with his f P.} 12. Ng3 $6 {The N is
completely misplaced here.} (12. Nf4 Nxf4 (12... Be6 $2 13. Nxe6 fxe6 14. c4
$16) 13. Bxf4 Bf6 14. c3 Be6 15. Re1 Re8 $14) 12... Be6 13. Re1 Bf6 14. c3 g6
15. Qf3 $6 {This is the beginning of a dubious plan.} (15. Bh6 Re8 16. Qd2 Nb6
$13) 15... a5 $1 {/\ a4} 16. a4 Bg7 17. Rad1 $2 {[#]} Ne3 $1 {After this nice
tactical blow based on the undefended B on b3 Black gets the advantage.} 18.
Bxe6 (18. Bxe3 Bxb3 19. Ra1 Bd5 $17 {with a dominating ^^.}) 18... Nxd1 19. Bb3
Nxb2 20. Rb1 Nxa4 21. Bxa4 b5 22. Bc2 Qf6 $17 {The White pieces lack harmony,
while Black's \<< Ps are pretty dangerous.} 23. Ne2 a4 24. Nc1 Rfe8 25. Nd3 Qe6
26. Nf4 Qd6 (26... Qa2 27. Qd3) 27. h4 a3 28. Bb3 b4 $1 29. Ba2 (29. cxb4 $2 a2
30. Ra1 Qxd4 $19) 29... bxc3 30. Bxc3 Rab8 31. Rd1 Qe7 32. Qxc6 (32. g3 Qe4) (
32. h5 g5 33. Nd3 Qe2) 32... Rbc8 33. Qf3 Qxh4 34. g3 Qg4 35. Qxg4 fxg4 36. Rd3
Bf8 37. d5 Bd6 38. Kf1 Re4 39. Ne2 h5 40. Nc1 $2 (40. Nd4 $2 Rxc3 $1 $19) (40.
Ke1 {was the last chance to fight back.} Rce8 (40... Rxc3 41. Rxc3 Bb4 42. Kd1
Bxc3 43. Nxc3 Rb4) 41. Rd2 f5 42. Kd1 h4 $1 (42... f4 $2 43. gxf4 Bxf4 44. Nxf4
Rxf4 45. d6+) 43. gxh4 f4 44. Bb1 Rc4 45. Bxg6 Rxe2 46. Rxe2 Rxc3 $17) 40...
Bb4 $1 {Now the game is over.} 41. Ne2 Rxe2 42. Kxe2 Rxc3 $19 43. Rxc3 Bxc3 44.
d6 Kg7 45. Kd3 Bb4 46. d7 Be7 47. Ke4 Kf6 48. Bb3 Bd8 49. Kf4 Ke7 0-1

[Event "Cancan Veterans-Women"]
[Site "Roquebrune"]
[Date "1998.09.15"]
[Round "8"]
[White "Ioseliani, Nana"]
[Black "Kortschnoj, Viktor Lvovich"]
[Result "0-1"]
[WhiteElo "2495"]
[BlackElo "2625"]
[Annotator "Kortschnoj,V"]
[PlyCount "74"]
[EventDate "1998.09.07"]
[EventType "schev"]
[EventRounds "12"]
[EventCountry "FRA"]
[SourceTitle "CBM 067"]
[Source "ChessBase"]
[SourceDate "1998.11.30"]
[SourceVersion "2"]
[SourceVersionDate "1998.11.01"]
[SourceQuality "1"]

1. d4 d5 2. c4 dxc4 3. e3 Nf6 4. Nf3 e6 5. Bxc4 c5 6. O-O a6 7. Qe2 b5 8. Bb3
Bb7 9. a4 b4 10. Nbd2 Nbd7 11. a5 Be7 12. e4 $5 $146 (12. Nc4) (12. Rd1) 12...
cxd4 13. e5 Nd5 14. Ne4 O-O 15. Qd3 (15. Neg5 Nc5 16. Bc2 h6 17. Ne4 d3 18.
Bxd3 Nf4 $17) 15... Rc8 16. Qxd4 (16. Neg5 $5 g6 17. Ne4 $44 (17. Qxd4 $2 Rxc1
$19)) 16... Nc5 17. Nxc5 (17. Bc2 Nc3 $5 18. Nxc3 (18. bxc3 Nxe4 $15) 18...
Qxd4 19. Nxd4 bxc3 20. bxc3 Ne4 $44) 17... Rxc5 18. Qg4 Kh8 19. Bg5 f6 $2 (
19... Qc7 $142 20. Qh5 (20. Qh4 h6 $11) 20... Kg8 $1 $11) 20. Bd2 $1 (20. Bh4
$6 g5 21. Nd4 Bc8 22. Bg3 f5 23. Qh5 f4 $17) 20... fxe5 21. Nxe5 Nc7 $8 {
[%csl Rd2]} (21... Nf6 22. Qxe6 $16) 22. Nc4 $4 (22. Bf4 $142 Qd4 23. Bg3 Qxg4
24. Nxg4 $16) 22... Rxc4 $17 23. Qxc4 (23. Bxc4 Qxd2 24. Rad1 Qf4 $17) 23...
Bd5 $1 24. Qd3 Bxb3 25. Qxb3 Qxd2 26. Rad1 (26. Qc4 $5) 26... Qe2 27. Qg3 Nd5
28. Rde1 (28. Rfe1 Qc2 {/\Bc5}) 28... Nf4 $1 $19 29. Qxf4 Qxf1+ 30. Kxf1 Rxf4
31. Rxe6 Bc5 32. Rxa6 Rxf2+ 33. Ke1 h5 34. Rc6 Rf5 35. Kd2 Bg1 36. a6 Rf2+ 37.
Kd3 Rxb2 0-1

[Event "St Petersburg m"]
[Site "St Petersburg"]
[Date "1999.03.27"]
[Round "2"]
[White "Kortschnoj, Viktor Lvovich"]
[Black "Spassky, Boris Vasilievich"]
[Result "1-0"]
[WhiteElo "2673"]
[BlackElo "2549"]
[PlyCount "76"]
[EventDate "1999.03.??"]
[EventType "match (rapid)"]
[EventRounds "10"]
[EventCountry "RUS"]
[SourceTitle "EXT 2000"]
[Source "ChessBase"]
[SourceDate "1999.11.16"]
[SourceVersion "1"]
[SourceVersionDate "1999.11.16"]
[SourceQuality "1"]

1. d4 Nf6 2. c4 g6 3. Nc3 d5 4. cxd5 Nxd5 5. Bd2 Bg7 6. e4 Nb6 7. Be3 O-O 8.
Be2 f5 9. exf5 Bxf5 10. Qb3+ Kh8 11. Nf3 Nc6 12. d5 Ne5 13. Rd1 Qc8 14. O-O c6
15. Nd4 c5 16. Nxf5 gxf5 17. f4 Nf7 18. Rfe1 Nd6 19. Bf3 Nbc4 20. Bf2 Bf6 21.
Qc2 Rb8 22. b3 Nb6 23. Ne2 c4 24. Ng3 cxb3 25. Qxb3 Qc4 26. Nh5 Qxb3 27. axb3
Nbc8 28. Nxf6 exf6 29. Re6 b6 30. Rc1 Rb7 31. Rc6 Rd7 32. Bd4 Kg7 33. g3 Kg6
34. Kg2 h5 35. Kh3 h4 36. gxh4 Ne4 37. Bxe4 fxe4 38. Bxf6 Kh7 1-0

[Event "St Petersburg m"]
[Site "St Petersburg"]
[Date "1999.03.28"]
[Round "3"]
[White "Spassky, Boris Vasilievich"]
[Black "Kortschnoj, Viktor Lvovich"]
[Result "0-1"]
[WhiteElo "2549"]
[BlackElo "2673"]
[PlyCount "80"]
[EventDate "1999.03.??"]
[EventType "match (rapid)"]
[EventRounds "10"]
[EventCountry "RUS"]
[SourceTitle "EXT 2000"]
[Source "ChessBase"]
[SourceDate "1999.11.16"]
[SourceVersion "1"]
[SourceVersionDate "1999.11.16"]
[SourceQuality "1"]

1. e4 e6 2. d4 d5 3. e5 c5 4. c3 Nc6 5. Nf3 Qb6 6. a3 a5 7. Bd3 Bd7 8. Bc2 h5
9. O-O Nh6 10. Ra2 Be7 11. Be3 Nf5 12. Bxf5 exf5 13. dxc5 Bxc5 14. Bxc5 Qxc5
15. a4 Be6 16. Nd4 Nxe5 17. Nd2 Ng4 18. Re1 Qd6 19. N2f3 O-O 20. h3 Nf6 21.
Nxe6 fxe6 22. Qd4 Rac8 23. Ne5 Nd7 24. Nxd7 Qxd7 25. b3 Qc6 26. Rc2 Rf6 27. Re5
Qc5 28. Qd3 Qb6 29. c4 Qa6 30. Qd2 Qd6 31. f4 Qb6+ 32. Re3 dxc4 33. bxc4 Rd8
34. Qf2 Rd1+ 35. Kh2 Qb1 36. Rb2 Rh1+ 37. Kg3 Rg6+ 38. Kh4 Qd1 39. Qe2 Qd8+ 40.
Kxh5 Rh6# 0-1

[Event "St Petersburg m"]
[Site "St Petersburg"]
[Date "1999.03.29"]
[Round "6"]
[White "Kortschnoj, Viktor Lvovich"]
[Black "Spassky, Boris Vasilievich"]
[Result "1-0"]
[WhiteElo "2673"]
[BlackElo "2549"]
[PlyCount "55"]
[EventDate "1999.03.??"]
[EventType "match (rapid)"]
[EventRounds "10"]
[EventCountry "RUS"]
[SourceTitle "EXT 2000"]
[Source "ChessBase"]
[SourceDate "1999.11.16"]
[SourceVersion "1"]
[SourceVersionDate "1999.11.16"]
[SourceQuality "1"]

1. d4 Nf6 2. c4 g6 3. f3 d5 4. cxd5 Nxd5 5. e4 Nb6 6. Nc3 Bg7 7. Be3 O-O 8. f4
c6 9. Nf3 Be6 10. Qc2 N8d7 11. Be2 Bc4 12. g4 e6 13. h4 Qe7 14. h5 c5 15. e5
Rfc8 16. hxg6 hxg6 17. dxc5 Nxc5 18. Bd4 Bd5 19. Rd1 Rd8 20. Nxd5 Rxd5 21. Kf2
Rc8 22. Qb1 Rcd8 23. b3 Na6 24. Qe4 Nb4 25. f5 exf5 26. gxf5 gxf5 27. Qxf5 Rxd4
28. Rdg1 1-0

[Event "St Petersburg m"]
[Site "St Petersburg"]
[Date "1999.03.31"]
[Round "8"]
[White "Kortschnoj, Viktor Lvovich"]
[Black "Spassky, Boris Vasilievich"]
[Result "1-0"]
[WhiteElo "2673"]
[BlackElo "2549"]
[PlyCount "81"]
[EventDate "1999.03.??"]
[EventType "match (rapid)"]
[EventRounds "10"]
[EventCountry "RUS"]
[SourceTitle "EXT 2000"]
[Source "ChessBase"]
[SourceDate "1999.11.16"]
[SourceVersion "1"]
[SourceVersionDate "1999.11.16"]
[SourceQuality "1"]

1. d4 Nf6 2. c4 c5 3. d5 b5 4. cxb5 a6 5. bxa6 g6 6. Nc3 Bxa6 7. e4 Bxf1 8.
Kxf1 d6 9. Nf3 Bg7 10. g3 O-O 11. Kg2 Nbd7 12. h3 Ra6 13. Re1 Qa8 14. Bg5 h6
15. Bd2 e6 16. dxe6 fxe6 17. Qc2 g5 18. a4 g4 19. hxg4 Nxg4 20. Bf4 d5 21. Nb5
e5 22. Nc7 Qa7 23. Nxa6 exf4 24. exd5 Qxa6 25. Re6 Qb7 26. Re7 fxg3 27. Qg6
Qxb2 28. Ra2 Ne3+ 29. Kh3 gxf2 30. Rxb2 f1=Q+ 31. Kh2 Nf5 32. Rg2 Qxg2+ 33.
Kxg2 Nxe7 34. Qe6+ Rf7 35. Qxd7 Nf5 36. Qc8+ Bf8 37. Ne5 Rg7+ 38. Kh3 Nd6 39.
Qe6+ Kh7 40. Nd7 Be7 41. Nxc5 1-0

[Event "Dos Hermanas 10th"]
[Site "Dos Hermanas"]
[Date "1999.04.07"]
[Round "2"]
[White "Kortschnoj, Viktor Lvovich"]
[Black "Polgar, Judit"]
[Result "1-0"]
[WhiteElo "2673"]
[BlackElo "2677"]
[Annotator "Krasenkow,M"]
[PlyCount "85"]
[EventDate "1999.04.06"]
[EventType "tourn"]
[EventRounds "9"]
[EventCountry "ESP"]
[EventCategory "19"]
[SourceTitle "CBM 071"]
[Source "ChessBase"]
[SourceDate "1999.08.01"]
[SourceVersion "1"]
[SourceVersionDate "1999.08.01"]
[SourceQuality "1"]

1. d4 Nf6 2. c4 g6 3. Nc3 d5 4. cxd5 Nxd5 5. Bd2 Bg7 6. e4 Nb6 7. Be3 O-O 8.
Be2 Nc6 9. Nf3 Bg4 10. d5 Bxf3 11. gxf3 Na5 {This looks stronger than} (11...
Ne5 {, after which the black knight disturbs his other pieces. The simplest
way to refute it is probably} 12. Qb3 {, e.g.} c6 (12... Qc8 13. h4 h5 14.
O-O-O c6 15. Kb1 Ned7 16. d6 Qe8 17. Rhg1 Kh7 18. f4 Rd8 19. e5 {1-0 Boensch,
U-Gyorkos,L/Szekszard op 1989 (27)}) 13. f4 Ned7 14. Rd1 (14. dxc6 bxc6 15. Rd1
e6 16. h4 Qe7 17. h5 Rab8 18. hxg6 hxg6 19. Qc2 $16 {Hausrath,D-Mohandesi,S/
Interteam ch, BEL 1996/1-0 (54)}) 14... Qc7 15. O-O Rfd8 16. a4 Nf6 17. a5 Nbd7
18. dxc6 bxc6 19. e5 Nd5 20. Nxd5 cxd5 21. Rxd5 $18 {Dao Thien Hai-Zaw Oo/
Yangon zt 1998/1-0 (46)}) {This is one of the rare occasions when a knight is
better placed at the edge of the board than in the centre!} 12. Bd4 c5 $5 (
12... e5 13. Bc5 Re8 14. Bb5 c6 15. dxc6 bxc6 16. Ba6 Bf8 (16... Qf6 $5) 17.
Bxf8 Rxf8 18. Qxd8 Raxd8 19. Rd1 Rd4 20. Ke2 Rfd8 21. b3 $14 {Soppe,
G-Malisauskas,V/Erevan olm 1996/1-0 (74)}) 13. Bxg7 (13. Bxc5 Nac4 14. Bxc4
Nxc4 15. Qe2 Nxb2 16. Qxb2 Qc7 17. Bb4 (17. Qa3 Rfc8) 17... a5 $17 {Atalik})
13... Kxg7 14. Qc2 e5 {Black closes down the position. Now White castles to
the q-side and mutual pawn attacks start. However, the poor position of the
black a5 knight enables White to come first. Korchnoi nicely underlines the
drawbacks of Black's plan.} 15. Nd1 {[%cal Yd1e3,Ye3g4]} Nd7 16. Qc3 $1 $146 {
An interesting novelty. White has two ideas: 17.f4 and 17.Bb5} (16. Ne3 c4 $1
17. h4 b5 18. h5 Nb7 19. O-O-O Nd6 20. Rdg1 g5 21. Qd2 Kh8 22. Kb1 f6 $13 {
Sokolov,I-Atalik,S/New York 1997/1/2-1/2(42)}) 16... a6 $6 (16... f6 17. Bb5 {
to exchange the "bad" bishop} b6 18. Bxd7 Qxd7 19. h4 {But after the text move
Whie starts a strong attack.}) 17. f4 f6 18. f5 $1 g5 (18... gxf5 19. Ne3 $5
fxe4 20. Bg4 b6 21. Be6 $44) 19. h4 h6 20. Ne3 {Black now has to do something
as otherwise after 20.hxg5 hxg5 21.Ng4 he will have serious problems.} Qb6 {
[%cal Yb6b4]} 21. a3 c4 {[%cal Yb6d4]} 22. Rd1 Nc5 {[#]} 23. Qb4 $1 Qb5 24. f3
{White's plan now is: to remove his king th g2 and eventually capture the c4
pawn. Meanwhile the black pieces are completely motionless due to their
awkward positions.} Rac8 25. Kf2 b6 26. Kg2 {/\27.Rc1} g4 {despair} 27. Nxg4
Ncb3 28. Rhg1 Qxb4 29. axb4 Nb7 {With an extra pawn and attack along the
g-file White confidently brings home his advantage.} 30. Kf2 Kh7 31. Ne3 Nd6
32. Rg6 h5 33. Nf1 Nd4 34. Ng3 c3 35. bxc3 Rxc3 36. Bd3 a5 37. bxa5 bxa5 38.
Nxh5 Ne8 39. d6 Rf7 40. d7 Rxd7 41. Bb5 Rc2+ 42. Kf1 Rf7 43. Bxe8 1-0

[Event "Sonsbeek SNS"]
[Site "Arnhem"]
[Date "1999.05.03"]
[Round "2"]
[White "Nijboer, Friso"]
[Black "Kortschnoj, Viktor Lvovich"]
[Result "0-1"]
[WhiteElo "2515"]
[BlackElo "2673"]
[Annotator "Winants,L"]
[PlyCount "62"]
[EventDate "1999.05.??"]
[EventType "tourn"]
[EventRounds "6"]
[EventCountry "NED"]
[EventCategory "14"]
[SourceTitle "CBM 071"]
[Source "ChessBase"]
[SourceDate "1999.08.01"]
[SourceVersion "1"]
[SourceVersionDate "1999.08.01"]
[SourceQuality "1"]

{[%mdl 2336]} 1. e4 {Finkel,A} e6 2. d4 d5 3. Nc3 Nf6 4. e5 {L'une des
nombreuses inventions de Wilhelm Steinitz. Les Blancs saisissent l'occasion de
gagner du terrain avec gain de temps, et projettent déjà de miner la chaîne de
pions ennemie, а sa base, via f4-f5.} Nfd7 5. f4 c5 6. Nf3 Nc6 7. Be3 {La
variante du grand-maître Boleslavsky, elle permet de renforcer le contrôle sur
d4 et de préparer le grand roque.} a6 {Deux autres possibilités :} ({a)} 7...
Qb6 8. Na4 Qa5+ 9. c3 cxd4 10. b4 Nxb4 11. cxb4 Bxb4+ 12. Bd2 g5 {avec des
complications interminables}) (7... cxd4 8. Nxd4 Bc5 9. Qd2 Nxd4 (9... O-O 10.
O-O-O a6 {reviendrait а la partie}) 10. Bxd4 Bxd4 11. Qxd4 Qb6 12. Nb5 Qxd4 13.
Nxd4 {et les Blancs conservent un léger avantage grâce au manque de
collaboration entre le Bc8 et ses fantassins centraux.}) 8. Qd2 cxd4 9. Nxd4
Bc5 10. O-O-O O-O {Ainsi les roques opposés nous promettent déjà un duel
passionnant.} 11. h4 Nxd4 12. Bxd4 b5 13. Rh3 {On retrouve ce coup de tour
dans les parties de Kasparov. Les Blancs envisagent de poursuivre l'offensive
le long de la colonne -g- ou encore de défendre leur Roi via la troisième
rangée.} b4 (13... Bb7 {Finkel,A} 14. g4 (14. Kb1 b4 15. Na4 Bxd4 16. Qxd4 Qa5
17. b3 Bc6 18. Nb2 Qc5 $13 {Herrera,I-Luther,T/Cappelle op 1997 (34)}) 14... b4
15. Ne2 a5 16. g5 Ba6 17. h5 Rc8 18. Kb1 $14 {Gruenfeld,Y-Gurevich,M/Haifa 1995
}) 14. Na4 Bxd4 15. Qxd4 a5 {Tous ces coups ont été joués а maintes reprises.
Les Noirs se proposent de continuer par 16...Ba6, afin d'échanger leur
"mauvais Fou".} ({Une partie instructive :} 15... f6 16. Qxb4 fxe5 17. Qd6 Qf6
18. f5 $3 Qh6+ 19. Kb1 Rxf5 20. Rf3 $1 Rxf3 21. gxf3 {'|^' Finkel,A. Finkel,A:
' Kasparov,G-Short,N/Amsterdam VSB 1994'} Qf6 22. Bh3 Kf7 23. c4 $1 dxc4 24.
Nc3 Qe7 25. Qc6 Rb8 26. Ne4 Nb6 27. Ng5+ Kg8 28. Qe4 g6 29. Qxe5 Rb7 30. Rd6 c3
31. Bxe6+ Bxe6 32. Rxe6 {et les Noirs abandonnèrent, Kasparov-Short Amsterdam
1994}) (15... Qa5 {Finkel,A} 16. b3 Bb7 17. c3 (17. Rg3 Rfc8 (17... Bc6 18. Nb2
Nc5 19. Bd3 Rfd8 20. f5 exf5 21. Bxf5 Ne4 $13 {Dutreeuw,M-Gurevich,M/Brussels
op 1995}) 18. Rd2 Bc6 19. f5 Qc7 20. f6 g6 21. Qf4 $14 {Arakhamia,K-Gurevich,M/
Helsinki op 1992}) 17... Rfc8 18. Kb1 (18. Kb2 bxc3+ 19. Rxc3 Rxc3 20. Qxc3
Qxc3+ 21. Nxc3 Kf8 22. a4 $14 {Nijboer,F-Luther,T/Leeuwarden op 1992}) 18...
bxc3 19. Rxc3 Rxc3 20. Qxc3 Qxc3 21. Nxc3 Rc8 22. Kb2 Rc7 23. Ne2 f6 24. Nd4
$14 {Herrera,I-Ramas,L/CUB-ch 1993}) 16. c4 {'!?' Finkel,A. Une conception
originale : Nijboer oublie pour un temps l'attaque du flanc-Roi, pour
s'intéresser aux cases noires du côté opposé.} ({La suite habituelle était} 16.
Bb5 Rb8 17. Bd3 {etc.} (17. Bd3 {Finkel,A} Qc7 18. h5 Bb7 19. g4 Rfc8 20. Rh2
$14 {Fogarasi,T-Luther,T/Kecskemet 1993})) (16. b3 {Finkel,A} Ba6 17. Kb1 Bxf1
18. Rxf1 Qc7 19. h5 Ra6 20. Re3 Rc6 21. Rf2 $13 {Kulish,I-Matveeva,S/Rostov on
Don-W 1995}) 16... bxc3 17. Rxc3 (17. Nxc3 $6 {Finkel,A} Ba6 18. h5 Bxf1 19.
Rxf1 Rc8 20. h6 Rc4 21. Qd2 g6 $15) 17... Qxh4 {Il faut être sacrément culotté
pour oser prendre un tel pion. Korchnoï n'a pourtant jamais reculé devant un
défi et ce n'est probablement pas а 68 ans qu'il va changer.} 18. g3 (18. Rh3 {
Finkel,A} Qe7) 18... Qd8 {Un coup а gauche, un coup а droite : son butin
acquis la Dame revient au bercail pour surveiller la septième traverse.} ({Si} 
18... Qe7 19. Rc7 Qb4 20. Qxb4 axb4 21. b3 f6 22. Bh3 {et les Blancs dominent
l'échiquier tout entier.}) 19. Kb1 Ba6 20. Bxa6 Rxa6 21. Rh1 {Un choix
difficile} ({car} 21. Rdc1 {était également très tentant.}) (21. Rdc1 {Finkel,A
} Ra8 (21... Qb8 22. Rc7 Qb4 23. Qxb4 axb4 24. Rxd7 Rxa4 25. Rcc7 $36) (21...
f6 $5) 22. Rc7 f6 23. Nb6 fxe5 24. fxe5 Nxb6 25. Qxb6 Qe8 $15) 21... Ra8 22. g4
Rb8 {Vers b4 !} 23. a3 {'!' Finkel,A. Premier signe d'intimidation,} ({mais si
} 23. Rch3 h6 24. g5 Rb4 25. Qg1 (25. Qd1 Rxf4 26. gxh6 g6 {'-/+' Finkel,A.})
25... Rxf4 ({surtout pas} 25... Rxa4 $2 26. Rxh6 $3 {et l'attaque perce.}) 26.
Rxh6 Rf1+ $3 27. Qxf1 gxh6 28. gxh6 Nxe5 {et les noirs restent avec un pion de
plus.}) 23... Nb6 {Encore très énergique : le principal défenseur du roque est
éliminé.} 24. g5 {'!' Finkel,A.} (24. Nxb6 {Finkel,A} Qxb6 25. Qxb6 Rxb6 26.
Rch3 Rfb8 27. R1h2 Rb3 $1 28. Rh4 (28. Rxh7 $2 Rxb2+ $1 $19) 28... h6 29. g5
Rxa3 30. gxh6 gxh6 31. Rxh6 Rab3 $17) (24. Nc5 $2 {Finkel,A} Nc4 25. Rh2 Rb5 $1
(25... Rc8 26. Rch3 h6 27. g5 Qb6 28. Nb3 a4 29. Qxb6 Nxb6 30. Nd2 $13) 26.
Rch3 h6 27. g5 Qb6 28. gxh6 Rb8 $1 $19) 24... Nxa4 25. Qxa4 Qb6 26. Qc2 {
Protège b2 tout en menaçant h7.} g6 27. Rh6 {'!?' Finkel,A. Il fallait
empêcher le coup ...h7-h5.} (27. Qh2 $5 {Finkel,A} h5 28. gxh6 Kh7 29. Qc2 Qd4
$132) 27... Rb7 {Pour tripler les Tours sur la colonne ouverte et permettre la
fuite du Roi vers e7. La façon dont Korchnoi parvient а combiner attaque et
défense est vraiment impressionnante.} ({Une mauvaise idée était} 27... Qd4 28.
Rch3 Qxf4 29. Rxh7 Qxe5 30. Qh2 $1 Qxg5 31. Rf3 $1 f5 32. Rd7 {et les Blancs
gagnent.}) 28. Qh2 (28. Rch3 {Finkel,A} Rfb8 (28... Qg1+ $6 29. Ka2 (29. Qc1
Rxb2+ $1 30. Kxb2 Rb8+ $19) 29... Rfb8 30. b3 Kf8 31. Rxh7 $14) 29. Rh2 Qg1+
30. Qc1 Qxc1+ (30... Qd4 $6 31. Rxh7 Rxb2+ $8 32. Rxb2 Rxb2+ 33. Qxb2 Qxb2+ 34.
Kxb2 Kxh7 35. Kb3 Kg7 36. Ka4 Kf8 37. Kxa5 Ke7 38. Kb5 Kd7 39. a4 Kc7 40. a5
Kb7 41. a6+ $11) 31. Kxc1 Rc8+ 32. Kb1 Rc4 33. Rxh7 Kf8 $15) 28... Rfb8 29. Rc2
Qd4 30. Ka1 {'?' Finkel,A. La faute décisive.} ({Il fallait jouer} 30. Rxh7
Rxb2+ ({ou} 30... Kf8 31. Rh8+ Ke7 32. Rxb8 Rxb8 33. Rc7+ Kd8 34. Rxf7 Qd1+ 35.
Ka2 Qb3+ {échec perpétuel}) 31. Rxb2 Rxb2+ (31... Qd3+ {Finkel,A} 32. Ka2 Qc4+
$11) 32. Qxb2 Qd1+ (32... Qxb2+ 33. Kxb2 Kxh7 $11) 33. Qc1 $1 Qxc1+ 34. Kxc1
Kxh7 35. Kb2 {forçant le nul par la capture du pion a5.} {Par exemple,} Kg8 36.
Kb3 Kf8 37. Ka4 Ke7 38. Kxa5 Kd7 39. Kb5 Kc7 40. Kc5 Kb7 41. Kb5 Ka7 42. Ka5 {
etc.}) 30... Rb3 $1 {'-+!' Finkel,A.} 31. Ka2 ({Ou bien} 31. Rxh7 Rxa3+ 32. Kb1
Rxb2+ $1 33. Rxb2 Qd1#) 31... Qa4 {'!' Finkel,A. et les Noirs abandonnèrent.} (
31... Qa4 {Il aurait pu suivre :} 32. Rxh7 Rxa3+ $1 33. bxa3 Qb3+ 34. Ka1 Qb1#)
0-1